Normal view
MARC view
- تحريرومراجعة: أبو أصبع، صالح ؛ عز الدين المناصرة ؛ محمد عبيد الله
Entry Personal Name
001 - CONTROL NUMBER
- control field: 23516
003 - CONTROL NUMBER IDENTIFIER
- control field: JO-AjAnu
005 - DATE AND TIME OF LATEST TRANSACTION
- control field: 20230606074037.0
008 - FIXED-LENGTH DATA ELEMENTS
- fixed length control field: 230606|| aca||aabn | a|a d
040 ## - CATALOGING SOURCE
- Original cataloging agency: JO-AjAnu
- Transcribing agency: JO-AjAnu
100 ## - HEADING--PERSONAL NAME
- Personal name: تحريرومراجعة: أبو أصبع، صالح ؛ عز الدين المناصرة ؛ محمد عبيد الله
670 ## - SOURCE DATA FOUND
- Source citation: Work cat.: (JO-AjAnu)12087: تحريرومراجعة: أبو أصبع، صالح ؛ عز الدين المناصرة ؛ محمد عبيد الله, author, ثقافة المقاومة 1: أوراق مؤتمر فيلادلفيا الدولي العاشر- المؤتمر العلمي لكلية الآداب والفنون 25-28نيسان (ابريل) 2005